000 00870nam a2200265 a 4500
001 000007057
005 20241030103828.0
008 090904s2006 dr 001 0 spa d
020 _a9945160338
040 _aDO-SdBNP
_bspa
_cBNPHU
082 _a615.14
_bS944m, 2006
100 1 _aSuero M., Waldo Ariel
_919618
245 1 0 _aManual de dosificación en niños /
_cWaldo Ariel Suero M., José A. Rojas R.
250 _a2a ed.
260 _aSanto Domingo :
_bBúho,
_c2006.
300 _a141 p. ;
_c22 cm.
500 _aIncluye índice alfabético
590 _aInventariado, 2018/LP
650 4 _aFarmacología pediátrica
_919619
650 0 _aPediatría
_919620
650 4 _aMedicamentos
_xFormas de posología
_919621
650 4 _aAdministración de medicamentos
_919622
700 1 _aRojas R., José A.
_919623
910 _aValidado. Control de calidad BNPHU
999 _c6840
_d6840